000 00443nam a22001577a 4500
005 20251108165854.0
008 250721s9999 xx 000 0 ara d
082 1 4 _aط/729.7/فسي
245 1 0 _aالفسيفساء /
264 1 _aبغداد :
_bدار ثقافة الأطفال،
_c[19-].
300 _a19ص؛مص
490 0 _aالسلسلة التاريخيه ؛19
650 1 7 _aالفسيفساء
942 _2ddc
_cBK
999 _c33528
_d33528